| 000 | 01711nam0a2200373 4500 | ||
|---|---|---|---|
| 001 | RU\NLR\BIBL_A\022300237 | ||
| 005 | 20260420013404.0 | ||
| 010 |
_a978-5-394-06008-3 _9500 |
||
| 021 |
_aRU _bКН-П-24-038382 _9КН-П-24-3832 |
||
| 035 | _a(NLR Aleph) 022300237 | ||
| 090 |
_a13662801 _c13662801 |
||
| 100 | _a20240815d2024 u y0rusy50 ca | ||
| 101 | 0 | _arus | |
| 102 | _aRU | ||
| 105 | _aа z 000zy | ||
| 181 | 0 |
_ai _baxxe |
|
| 182 | 0 | _an | |
| 200 | 1 |
_aМенеджмент: теория и практика управления в условиях цифровизации _eмонография _fАндрющенко Г. И., Бархатов В. Д., Бондарчук Н. В. [и др.]. |
|
| 203 |
_aТекст _bвизуальный _cнепосредственный |
||
| 210 |
_aМосква _cДашков и К° _d2024 |
||
| 215 |
_a325 с. _cил. _d22 |
||
| 225 | 1 | _aСерия "Научные издания" | |
| 300 | _aАвт. указаны на обороте тит. с. | ||
| 300 | _aНа 3-6-й с. авт.: д. э. н., проф. Андрющенко Г. И., канд. экон. наук Бархатов В. Д., д-р экон. наук, проф. Бондарчук Н. В. | ||
| 320 | _aБиблиогр.: с. 296-325 | ||
| 606 | 1 |
_aМенеджмент _91566100 _3RU\NLR\AUTH\66685658 |
|
| 686 | 1 | _aУ21(0)030.2 | |
| 701 | 1 |
_aАндрющенко _bГ. И. _gГалина Ивановна |
|
| 701 | 1 |
_aБархатов _bВ.Д. _gВладимир Дмитриевич |
|
| 701 | 1 |
_aБондарчук _bН. В. _gНаталья Витальевна |
|
| 942 | _cBOOK | ||
| 980 | _aNB | ||